| 000 | 00353nam a22001457a 4500 | ||
|---|---|---|---|
| 008 | 230515b ||||| |||| 00| 0 eng d | ||
| 020 | _a9780495601890 | ||
| 041 | _aeng | ||
| 080 |
_2NINTH EDITION _a330.72 |
||
| 082 | _a330.72EGA | ||
| 100 | _a23 | ||
| 101 | _aMENAGJ | ||
| 245 |
_aTHE SKILLED HELPER A PROBLEM MANAGEMENT _cEGAN .G |
||
| 942 |
_2udc _cBK |
||
| 999 |
_c59715 _d59715 |
||